Detalles MARC
| 000 -LIDER |
| fixed length control field |
01174nam a22003257a 4500 |
| 003 - IDENTIFICACDOR DE NÚMERO DE CONTROL |
| control field |
DO-SdBNP |
| 005 - DATE AND TIME OF LATEST TRANSACTION |
| control field |
20240627133559.0 |
| 008 - ELEMENTOS DE LONGITUD FIJA |
| fixed length control field |
171123b2011 sp | 00| 0 spa d |
| 020 ## - ISBN |
| International Standard Book Number |
9586074360356 |
| 040 ## - FUENTE DE CATALOGACIÓN |
| Agencia que crea de manera original el registro |
BPMSU |
| Idioma de catalogación |
spa |
| Agencia que realiza la transcripción |
BPMSU |
| 082 #4 - NÚMERO DE CLASIFICACIÓN DECIMAL DE DEWEY |
| Classification number |
782.42 |
| Item number |
M516c 2011 |
| Edition number |
22 |
| 245 04 - MENCIÓN DE TITULO |
| Título |
Las mejores canciones y rondas infantiles / |
| Mención de responsabilidad |
ilustración David Lara, Eduardo Amezcua |
| Subtítulo |
|
| 260 ## - PUBLICACIÓN, DISTRIBUCIÓN, ETC. (PIE DE IMPRENTA) |
| Lugar de publicación, distribución, etc |
Madrid. : |
| Nombre del editor, distribuidor, etc. |
Editorial Lexus, |
| Fecha de publicación, distribución, etc |
2011 |
| 300 ## - DESCRIPCIÓN FÍSICA |
| Extensión |
166 p.: |
| Otros detalles físicos |
il.; |
| Dimensiones |
28 cm. |
| 500 ## - NOTA GENERAL |
| Nota general |
|
| 590 ## - NOTA LOCAL |
| Texto de la nota local |
Inventariado, 2024VM |
| 650 #4 - ENCABEZAMIENTO DE MATERIA--TEMÁTICO |
| Término temático o nombre geográfico como elemento de entrada |
Canciones colombianas |
| Subdivisión de forma |
Cancioneros. |
| 650 #4 - ENCABEZAMIENTO DE MATERIA--TEMÁTICO |
| Término temático o nombre geográfico como elemento de entrada |
Compositores colombianos |
| Subdivisión de forma |
Biografías. |
| 650 #4 - ENCABEZAMIENTO DE MATERIA--TEMÁTICO |
| Término temático o nombre geográfico como elemento de entrada |
Músicos colombianos |
| Subdivisión de forma |
Biografías |
| 650 #4 - ENCABEZAMIENTO DE MATERIA--TEMÁTICO |
| Término temático o nombre geográfico como elemento de entrada |
Canciones infantiles |
| Subdivisión temática general |
|
| 650 #4 - ENCABEZAMIENTO DE MATERIA--TEMÁTICO |
| Término temático o nombre geográfico como elemento de entrada |
Poesía infantil |
| Subdivisión de forma |
Colecciones |
| Subdivisión temática general |
|
| Subdivisión geográfica |
|
| 650 #4 - ENCABEZAMIENTO DE MATERIA--TEMÁTICO |
| Término temático o nombre geográfico como elemento de entrada |
Rondas infantiles |
| 700 1# - ASIENTO SECUNDARIO -- NOMBRE PERSONAL |
| Nombre personal |
Lara, David. |
| Mención de responsabilidad |
ilustraciones |
| 700 1# - ASIENTO SECUNDARIO -- NOMBRE PERSONAL |
| Nombre personal |
Amezcua, Eduardo |
| Mención de responsabilidad |
ilustraciones |
| 710 2# - ASIENTO SECUNDARIO -- NOMBRE CORPORATIVO |
| Nombre corporativo o de jurisdicción |
Lexus |
| 740 32 - ASIENTO SECUNDARIO DE TÍTULOS RELACIONADOS O ANALÍTICOS NO CONTROLADOS |
| Título analítico o relacionado no controlado |
El bolero en Colombia. |
| 740 32 - ASIENTO SECUNDARIO DE TÍTULOS RELACIONADOS O ANALÍTICOS NO CONTROLADOS |
| Título analítico o relacionado no controlado |
La canción colombiana : su historia, sus compositores, sus mejores intérpretes : 500 canciones armonizadas para guitarra. |
| 910 ## - VALIDACIÓN |
| Validación |
VMateo V. Control de calidad BPMSU |
| 942 ## - ADDED ENTRY ELEMENTS (KOHA) |
| Source of classification or shelving scheme |
Dewey Decimal Classification |
| Koha item type |
Libros |